Writing and grammar : communication in action /

Bibliographic Details
Other Authors: Carroll, Joyce Armstrong, 1937-, Wilson, Edward E., Forlini, Gary
Format: Book
Language:English
Published: Upper Saddle River, N.J. : Prentice Hall, [2001]
Edition:Texas Collector's ed.
Subjects:

MARC

Tag First Indicator Second Indicator Subfields
LEADER 00000cam a2200000Ia 4500
001 in00001661663
005 20151024122101.0
008 020314s2001 njua b 001 0 eng d
020 |a 0134369629 ([Gr.6] copper) 
020 |a 0134369637 ([Gr.7] bronze) 
020 |a 0134369645 ([Gr.8] silver) 
020 |a 0134369661 ([Gr.9] gold) 
020 |a 0134369688 ([Gr.10] platinum) 
020 |a 0134369696 ([Gr.11] ruby) 
020 |a 0134369718 ([Gr.12] diamond) 
035 |a (OCoLC)ocm49314429 
040 |a IAF  |c IAF  |d TXA  |d UtOrBLW 
049 |a TXAM 
090 |a PE1112  |b .W75 2001 
245 0 0 |a Writing and grammar :  |b communication in action /  |c [program authors] Joyce Armstrong Carroll, Edward E. Wilson, Gary Forlini. 
246 3 0 |a Communication in action 
246 1 4 |a Prentice Hall writing and grammar 
250 |a Texas Collector's ed. 
264 1 |a Upper Saddle River, N.J. :  |b Prentice Hall,  |c [2001] 
264 4 |c ©2001 
300 |a 7 volumes :  |b color illustrations ;  |c 29 cm. +  |e Annotated teacher's ed. + TEKS Correlation. 
336 |a text  |b txt  |2 rdacontent 
337 |a unmediated  |b n  |2 rdamedia 
338 |a volume  |b nc  |2 rdacarrier 
504 |a Includes bibliographical references and indexes. 
521 |a Grades 6-12. 
500 |a State adopted textbook. 
500 |a Nonconforming. 
505 0 |a [Gr.6] Copper -- [Gr.7] Bronze -- [Gr.8] Silver -- [Gr.9] Gold -- [Gr.10] Platinum -- [Gr.11] Ruby -- [Gr.12] Diamond. 
650 0 |a English language  |x Grammar (Middle school) 
650 0 |a English language  |x Grammar (Secondary) 
650 0 |a English language  |x Composition and exercises (Middle school) 
650 0 |a English language  |x Composition and exercises (Secondary) 
650 0 |a Language arts (Middle school) 
650 0 |a Language arts (Secondary) 
700 1 |a Carroll, Joyce Armstrong,  |d 1937- 
700 1 |a Wilson, Edward E. 
700 1 |a Forlini, Gary. 
948 |a cataloged  |b h  |c 2002/3/20  |d c  |e cmulkey  |f 9:22:19 am 
994 |a E0  |b TXA 
999 |a MARS 
999 f f |s b1282a21-8296-3a3c-81f4-ead82cb3fed1  |i c9d34638-9b2f-3a3d-b639-f77860211e36  |t 0 
952 f f |p ric  |a Texas A&M University  |b Rellis Campus  |c Joint Library Facility  |s JLF  |d Remote Storage  |t 0  |e PE1112 .W75 2001  |h Library of Congress classification  |i unmediated -- volume  |k Gr.8:Teachers ed.  |m A14828709942 
952 f f |p ric  |a Texas A&M University  |b Rellis Campus  |c Joint Library Facility  |s JLF  |d Remote Storage  |t 0  |e PE1112 .W75 2001  |h Library of Congress classification  |i unmediated -- volume  |k Gr.6  |m A14828709683 
952 f f |p ric  |a Texas A&M University  |b Rellis Campus  |c Joint Library Facility  |s JLF  |d Remote Storage  |t 0  |e PE1112 .W75 2001  |h Library of Congress classification  |i unmediated -- volume  |k Gr.7:Teachers ed.  |m A14828709926 
952 f f |p ric  |a Texas A&M University  |b Rellis Campus  |c Joint Library Facility  |s JLF  |d Remote Storage  |t 0  |e PE1112 .W75 2001  |h Library of Congress classification  |i unmediated -- volume  |k Gr.11  |m A14828709837 
952 f f |p ric  |a Texas A&M University  |b Rellis Campus  |c Joint Library Facility  |s JLF  |d Remote Storage  |t 0  |e PE1112 .W75 2001  |h Library of Congress classification  |i unmediated -- volume  |k Gr.12  |m A14828710016 
952 f f |p ric  |a Texas A&M University  |b Rellis Campus  |c Joint Library Facility  |s JLF  |d Remote Storage  |t 0  |e PE1112 .W75 2001  |h Library of Congress classification  |i unmediated -- volume  |k Gr.8  |m A14828709748 
952 f f |p ric  |a Texas A&M University  |b Rellis Campus  |c Joint Library Facility  |s JLF  |d Remote Storage  |t 0  |e PE1112 .W75 2001  |h Library of Congress classification  |i unmediated -- volume  |k Gr.11:Teachers ed.  |m A14828710008 
952 f f |p ric  |a Texas A&M University  |b Rellis Campus  |c Joint Library Facility  |s JLF  |d Remote Storage  |t 0  |e PE1112 .W75 2001  |h Library of Congress classification  |i unmediated -- volume  |k Gr.7  |m A14828709714 
952 f f |p ric  |a Texas A&M University  |b Rellis Campus  |c Joint Library Facility  |s JLF  |d Remote Storage  |t 0  |e PE1112 .W75 2001  |h Library of Congress classification  |i unmediated -- volume  |k Gr.9:Teachers ed.  |m A14828709968 
952 f f |p ric  |a Texas A&M University  |b Rellis Campus  |c Joint Library Facility  |s JLF  |d Remote Storage  |t 0  |e PE1112 .W75 2001  |h Library of Congress classification  |i unmediated -- volume  |k Gr.10  |m A14828709803 
952 f f |p ric  |a Texas A&M University  |b Rellis Campus  |c Joint Library Facility  |s JLF  |d Remote Storage  |t 0  |e PE1112 .W75 2001  |h Library of Congress classification  |i unmediated -- volume  |k Gr.9  |m A14828709772 
952 f f |p ric  |a Texas A&M University  |b Rellis Campus  |c Joint Library Facility  |s JLF  |d Remote Storage  |t 0  |e PE1112 .W75 2001  |h Library of Congress classification  |i unmediated -- volume  |k Gr.12:Teachers ed.  |m A14828709879 
952 f f |p ric  |a Texas A&M University  |b Rellis Campus  |c Joint Library Facility  |s JLF  |d Remote Storage  |t 0  |e PE1112 .W75 2001  |h Library of Congress classification  |i unmediated -- volume  |k Gr.6:Teachers ed.  |m A14828709691 
952 f f |p ric  |a Texas A&M University  |b Rellis Campus  |c Joint Library Facility  |s JLF  |d Remote Storage  |t 0  |e PE1112 .W75 2001  |h Library of Congress classification  |i unmediated -- volume  |k Gr.10:Teachers ed.  |m A14828709984 
998 f f |a PE1112 .W75 2001  |s Gr.6-Gr.12  |t 0  |l Remote Storage